Structural Mechanics / (Record no. 806)
[ view plain ]
| 000 -LEADER | |
|---|---|
| fixed length control field | 00759nac a22002171u 4500 |
| 003 - CONTROL NUMBER IDENTIFIER | |
| control field | OSt |
| 005 - DATE AND TIME OF LATEST TRANSACTION | |
| control field | 20140316143042.0 |
| 008 - FIXED-LENGTH DATA ELEMENTS--GENERAL INFORMATION | |
| fixed length control field | 100907t1992 xxu|||||r|||| 00| 0 eng d |
| 010 ## - LIBRARY OF CONGRESS CONTROL NUMBER | |
| LC control number | 92157316 |
| 020 ## - INTERNATIONAL STANDARD BOOK NUMBER | |
| International Standard Book Number | 977003200X (v. I) |
| 040 ## - CATALOGING SOURCE | |
| Transcribing agency | 0000 |
| 082 00 - DEWEY DECIMAL CLASSIFICATION NUMBER | |
| Classification number | 624.171 |
| Item number | BAK |
| 100 ## - MAIN ENTRY--PERSONAL NAME | |
| Personal name | Bakhoum, Michel, |
| 9 (RLIN) | 18548 |
| 245 10 - TITLE STATEMENT | |
| Title | Structural Mechanics / |
| Statement of responsibility, etc | Michel Bakhoum. |
| 260 ## - PUBLICATION, DISTRIBUTION, ETC. (IMPRINT) | |
| Place of publication, distribution, etc | Giza, Egypt: |
| Name of publisher, distributor, etc | M.M. Bakhoum, Structural Engineering Dept., Faculty of Engineering, Cairo University, |
| Date of publication, distribution, etc | c1992. |
| 300 ## - PHYSICAL DESCRIPTION | |
| Extent | 2v. : |
| Other physical details | ill. ; |
| Dimensions | 25 cm. |
| 504 ## - BIBLIOGRAPHY, ETC. NOTE | |
| Bibliography, etc | Includes bibliographical references and indexes. |
| 505 ## - FORMATTED CONTENTS NOTE | |
| Formatted contents note | Vol1:(Chapter1-Chapter6) -- Vol2:(Chapter7-Chapter12) / |
| 650 #0 - SUBJECT ADDED ENTRY--TOPICAL TERM | |
| Topical term or geographic name as entry element | Structural analysis (Engineering) |
| 9 (RLIN) | 18549 |
| 942 ## - ADDED ENTRY ELEMENTS (KOHA) | |
| Item type | Book - Borrowing |
| Call number prefix | 624.171BAK |
| Source of classification or shelving scheme | Dewey Decimal Classification |
| Withdrawn status | Item status | Source of classification or shelving scheme | Damaged status | Not for loan | Vendor | Home library | Current library | Shelving location | Date acquired | Source of acquisition | Cost, normal purchase price | Total Checkouts | Total Renewals | Full call number | Barcode | Date last seen | Date last borrowed | Cost, replacement price | Koha item type | Public note | Checked out |
|---|---|---|---|---|---|---|---|---|---|---|---|---|---|---|---|---|---|---|---|---|---|
| Dewey Decimal Classification | Central Library | Central Library | First floor | 30/07/2006 | 180.00 | 1 | 1 | 624.171 BAK | 000003752 | 15/07/2025 | 12/10/2011 | 225.00 | Book - Borrowing | Vol.2 | |||||||
| Dewey Decimal Classification | Central Library | Central Library | First floor | 07/09/2010 | 180.00 | 1 | 1 | 624.171 BAK | 000003751 | 12/10/2011 | 12/10/2011 | 225.00 | Book - Borrowing | Vol.1 | 13/11/2011 |